新幹線の駅がある自治体サドンデス - Statistics

General Stats
  • This quiz has been taken 8,166 times
  • The average score is 11 of 60
Answers on the Grid
Answers color-coded by a green-red scale on the quiz's grid according to % correct below.
函館市
木古内町
つがる市
十和田市
八戸市
二戸市
岩手町
盛岡市
花巻市
北上市
奥州市
一関市
登米市
美里町
仙台市青葉区
蔵王町
福島市
郡山市
白河市
大田原市
宇都宮市
下野市
さいたま市大宮区
東京都文京区
東京都中央区
東京都品川区
横浜市港北区
小田原市
熱海市
三島町
富士市
静岡市駿河区
掛川市
浜松市中央区
豊橋市
安城市
名古屋市中村区
岐阜市
彦根市
京都市下京区
大阪市東淀川区
神戸市北区
明石市
姫路市
たつの市
岡山県北区
浅口市
福山市
尾道市
三原市
東広島市
広島市中区
岩国市
下松市
山口市
宇部市
下関市
北九州市門司区
福岡市中央区
鳥栖市
東久留米市
みやま市
大牟田市
玉名市
熊本市中央区
八代市
津奈木町
出水市
薩摩川内市
鹿児島市
武雄市
大村市
諫早市
長崎市
熊谷市
本庄市
高崎市
沼田市
湯沢市
魚沼市
長岡京市
燕市
新潟市中央区
軽井沢町
小諸市
上田市
河内長野市
飯山市
妙高市
糸魚川市
黒部市
富山市
高岡市
金沢市
能美市
加賀市
坂井市
福井市
越前町
敦賀市
 
Answer Stats
Answer % Correct
木古内町
75%
八戸市
57%
盛岡市
55%
花巻市
44%
一関市
43%
福島市
41%
北上市
40%
郡山市
40%
二戸市
39%
宇都宮市
37%
さいたま市大宮区
35%
奥州市
31%
仙台市青葉区
29%
熱海市
27%
小田原市
24%
岩手町
23%
豊橋市
20%
富士市
19%
掛川市
18%
姫路市
16%
安城市
15%
金沢市
15%
敦賀市
15%
明石市
14%
福山市
14%
尾道市
14%
福井市
14%
三原市
13%
東広島市
13%
岩国市
13%
山口市
13%
下関市
13%
鹿児島市
13%
富山市
13%
名古屋市中村区
12%
長崎市
12%
高崎市
12%
横浜市港北区
11%
鳥栖市
11%
八代市
11%
熊谷市
11%
糸魚川市
11%
大牟田市
10%
玉名市
10%
薩摩川内市
10%
武雄市
10%
大村市
10%
諫早市
10%
軽井沢町
10%
上田市
10%
高岡市
10%
浜松市中央区
9%
出水市
9%
本庄市
9%
飯山市
9%
加賀市
8%
京都市下京区
6%
黒部市
6%
岡山県北区
4%
新潟市中央区
4%
No matching quizzes found
Score Distribution
Percent of People with Each Score
Percentile by Number Answered
Your Score History
You have not taken this quiz